000 00576nam a2200169 a 4500
001 000044611
005 20201002045510.0
008 110307s2012 dr 000 0 spa d
040 _aDO-SdBNP
_bspa
_cBNPHU
082 _axxx
_bL681
110 1 _aRepública Dominicana
_9447
240 1 0 _a[Leyes. etc.]
245 1 0 _aLey 88-03 :
_bpromulgada el 1ro. de mayo de 2003 que instituye las casas de acogida o refugios.
246 _aLey 88-03 que instituye las casas de acogida o refugios :
260 _aSanto Domingo :
_bMinisterio de la Mujer,
_c2012.
300 _a63 p. ;
_c21 cm.
999 _c44100
_d44100